Apuntes de finanzas operativas Lo bs̀ico para saber operar una empresa financieramente /

Detalles Bibliográficos
Autor principal: Lira Briceǫ, Pal︢
Formato: eBook
Lenguaje:español
Publicado: Bogot:̀ Ediciones de la U, 2017
Materias:
Acceso en línea:Acceso restringido

MARC

LEADER 00000nam a22000007a 4500
005 20210702121619.0
007 cr|||| ||||
008 210702s2017 co |||||s|||| 00||0 spa d
020 |a 978-958-762-644-5 
035 |a 33328 
040 |a vLex 
090 |c 11843  |d 11843 
100 1 |a Lira Briceǫ, Pal︢ 
245 1 0 |a Apuntes de finanzas operativas  |h [Recurso electrn̤ico] :  |b Lo bs̀ico para saber operar una empresa financieramente /  |c Pal︢ Lira Briceǫ 
256 |a Servicio en ln̕ea 
260 |a Bogot:̀  |b Ediciones de la U,  |c 2017 
300 |a 1 recurso electrn̤ico 
500 |a Las firmas, sean grandes corporaciones o microempresas, tienen una razn̤ de ser y esta es crear valor, pues a travš de ese proceso prosperan y, por extensin̤, sus accionistas tambiň lo hacen. La creacin̤ de valor en la empresa es estudiada por las Finanzas Corporativas, las cuales ayudan a contestar cuatro preguntas claves si se desea que cualquier inversin̤ efectuada rinda ms̀ que el costo de los fondos empleados en ella. Si se tienen respuestas satisfactorias a las preguntas ¿En qu ̌invertir?, ¿Cm̤o financiar esa inversin̤?, ¿Cm̤o repartir los dividendos generados? y ¿Cm̤o manejar la liquidez del negocio?, la generacin̤ de valor en la compaą̕ est ̀asegurada. 
506 1 |a Disponible solo en los productos indicados  |d vLex Global  |d vLex Global (Academic Edition, excluding Law Schools)  |d vLex Global (U.S. Academic Edition, Law Schools)  |d vLex Global (U.S. Academic Edition, excluding Law Schools)  |d vLex Global (Academic Edition, Law Schools) 
650 0 4 |a Banca y finanzas  |z Colombia 
740 0 |a vLex Libros (Servicio en ln̕ea) 
856 4 0 |u https://vlex.com/source/apuntes-de-finanzas-operativas-lo-basico-para-saber-operar-una-empresa-financieramente-33328  |z Acceso restringido 
942 |c BOOK 
999 0 |a Banking and finances